[Event "POL-chT3"]
[Site "Jastrzebia Gora POL"]
[Date "2016.09.11"]
[Round "9.63"]
[White "Ciemniak, Krzysztof"]
[Black "Kastelik, Adrian"]
[Result "0-1"]
[WhiteElo "2000"]
[BlackElo "2114"]
[EventDate "2016.09.02"]

1.e4 e5 2.Nf3 Nc6 3.Bb5 Nf6 4.d3 Ne7 5.O-O c6 6.Bc4 Ng6 7.Nc3 Be7 8.Bb3 d6
9.h3 O-O 10.Be3 d5 11.exd5 Nxd5 12.Nxd5 cxd5 13.Re1 Kh8 14.d4 e4 15.Ne5 
Nh4 16.c4 f6 17.Ng4 f5 18.Ne5 f4 19.Bd2 Bd6 20.cxd5 Bxe5 21.dxe5 Qg5 22.g3
Nf3+ 23.Kh1 Qh5 24.h4 Qg4 0-1

[Event "POL-chT3"]
[Site "Jastrzebia Gora POL"]
[Date "2016.09.11"]
[Round "9.64"]
[White "Mucha, Piotr"]
[Black "Wisniewski, Przemyslaw"]
[Result "1/2-1/2"]
[WhiteElo "2161"]
[BlackElo "1970"]
[EventDate "2016.09.02"]

1.e4 c5 2.Nc3 Nc6 3.f4 g6 4.Nf3 Bg7 5.Bb5 d6 6.Bxc6+ bxc6 7.O-O Nh6 8.d3 
O-O 9.Qe1 f6 10.Qg3 Nf7 11.h4 Kh8 12.Bd2 Rb8 13.b3 Rg8 14.Rae1 Nh6 15.Nh2 
Bd7 16.Qf3 Qc8 17.Nd1 Rf8 18.Ne3 e5 19.Nc4 Nf7 20.h5 gxh5 21.f5 d5 22.Ne3 
dxe4 23.dxe4 Nd6 24.Rd1 Be8 25.a4 Bf7 26.Bc3 Ne8 27.g4 Bh6 28.Kh1 c4 29.b4
Qc7 30.gxh5 Rd8 31.Nhg4 Rxd1 32.Rxd1 Bxh5 33.Qh3 Bxe3 34.Qxh5 Ng7 35.Qh3 
Bg5 36.Rg1 Bf4 37.Qg2 h5 1/2-1/2

[Event "POL-chT3"]
[Site "Jastrzebia Gora POL"]
[Date "2016.09.11"]
[Round "9.65"]
[White "Zebracki, Jaroslaw"]
[Black "Faron, Rafal"]
[Result "1-0"]
[WhiteElo "1841"]
[BlackElo "2062"]
[EventDate "2016.09.02"]

1.d4 d5 2.Nf3 Nf6 3.e3 g6 4.Bd3 Bg7 5.O-O O-O 6.b3 c5 7.Bb2 Nfd7 8.Re1 Nc6
9.c4 dxc4 10.Bxc4 cxd4 11.exd4 Nb6 12.Bb5 Bd7 13.Na3 a6 14.Be2 Nd5 15.Qd2 
Rc8 16.Rac1 b5 17.Nc2 e6 18.Ne3 Bh6 19.h3 Na5 20.Rxc8 Bxc8 21.b4 Nc6 22.g3
Bb7 23.Qd3 Bg7 24.Rd1 Qd6 25.Ng5 Nf6 26.Bf3 Rd8 27.d5 Ne5 28.Bxe5 Qxe5 29.
Nxf7 Kxf7 30.dxe6+ Kxe6 31.Qxd8 Bxf3 32.Rc1 Nd5 33.Nxd5 Bxd5 1-0

[Event "POL-chT3"]
[Site "Jastrzebia Gora POL"]
[Date "2016.09.11"]
[Round "9.66"]
[White "Binkowska, Agata"]
[Black "Paprocka, Renata"]
[Result "1-0"]
[WhiteElo "1776"]
[BlackElo "1973"]
[EventDate "2016.09.02"]

1.d4 d5 2.Nf3 Nf6 3.Bf4 e6 4.e3 Be7 5.Bd3 O-O 6.c3 Nbd7 7.Nbd2 c5 8.O-O c4
9.Bb1 Re8 10.Qc2 Nf8 11.h3 b5 12.Be5 Bb7 13.Ng5 h6 14.Bxf6 Bxf6 15.Ngf3 
Qc7 16.e4 dxe4 17.Nxe4 Bxe4 18.Qxe4 Ng6 19.g3 Rad8 20.Bc2 Rd5 21.Nh2 Qd6 
22.f4 Bd8 23.Qf3 f5 24.Qh5 Kh7 25.Ng4 Rf8 26.Ne3 Ne7 27.Nxd5 Nxd5 28.Qe2 
Bb6 29.Kh2 b4 30.Rae1 bxc3 31.bxc3 Nxc3 32.Qxc4 Qxd4 33.Qxd4 Bxd4 34.Bb3 
Ne4 35.Re2 Rf6 36.Bc2 Nc5 37.Rd1 Bc3 38.Rd6 Kg8 39.Rc6 Bd4 40.Rd2 Be3 41.
Rd8+ Rf8 42.Rxf8+ Kxf8 43.Kg2 a5 44.Kf3 Bd4 45.Rc7 Kg8 46.g4 g6 47.h4 Na6 
48.Rc8+ Kf7 49.Ra8 Nb4 50.Bb3 Bb6 51.Rb8 fxg4+ 52.Kxg4 Be3 53.Bxe6+ Kf6 
54.Bc4 Nc2 55.Rf8+ Kg7 56.Rf7+ Kh8 57.Bd3 g5 58.Bxc2 1-0

[Event "POL-chT3"]
[Site "Jastrzebia Gora POL"]
[Date "2016.09.11"]
[Round "9.67"]
[White "Pulik, Krzysztof"]
[Black "Brzezinski, Mateusz"]
[Result "1/2-1/2"]
[WhiteElo "2171"]
[BlackElo "2144"]
[EventDate "2016.09.02"]

1.e4 c5 2.c3 Nf6 3.e5 Nd5 4.d4 cxd4 5.Nf3 Nc6 6.Bc4 Nb6 7.Bb3 d5 8.exd6 
Qxd6 9.Na3 dxc3 10.Qxd6 exd6 11.Nb5 Rb8 12.O-O Be6 13.Nc7+ Kd7 14.Nxe6 
fxe6 15.bxc3 Na5 16.Rd1 Nxb3 17.axb3 a6 18.Be3 Nd5 19.Bd4 Be7 20.Bxg7 Rhg8
21.Bd4 Rbc8 22.c4 Nf4 23.g3 Ne2+ 24.Kg2 Nxd4 25.Nxd4 Bf6 26.Ra5 Rc5 27.Ra2
Rg4 28.f4 Bxd4 29.Rxd4 e5 30.Kf3 Rxf4+ 31.Rxf4 exf4 32.Kxf4 d5 33.cxd5 
Rxd5 34.g4 Rd3 35.Rb2 a5 36.h4 Ke6 37.g5 Rd4+ 38.Kg3 Rb4 39.Re2+ Kf5 40.
Rf2+ Kg6 41.Rf6+ Kg7 42.Rf3 b5 43.Rd3 h5 44.gxh6+ Kxh6 45.Rd6+ Kg7 46.Rd3 
Kg6 47.Rc3 Kf5 48.Rf3+ Ke5 49.h5 Rd4 1/2-1/2

[Event "POL-chT3"]
[Site "Jastrzebia Gora POL"]
[Date "2016.09.11"]
[Round "9.68"]
[White "Kujawski, Adam"]
[Black "Kardys, Zbigniew"]
[Result "1-0"]
[WhiteElo "2296"]
[BlackElo "1986"]
[EventDate "2016.09.02"]

1.e4 c5 2.Nf3 e6 3.c3 Nf6 4.e5 Nd5 5.d4 cxd4 6.cxd4 d6 7.Bd3 Nc6 8.O-O Be7
9.Qe2 b6 10.Nc3 Nxc3 11.bxc3 dxe5 12.Nxe5 Nxe5 13.Qxe5 Bf6 14.Qf4 Bb7 15.
Bb5+ Kf8 16.a4 Qd5 17.f3 Rc8 18.Ba3+ Kg8 19.Kh1 Bg5 20.Qg3 Qd8 21.Bb2 h5 
22.f4 Bf6 23.h3 Bh4 24.Qe3 Qd5 25.Qe2 Rh6 26.Bd3 f5 27.c4 Qc6 28.a5 Re8 
29.axb6 axb6 30.Ra7 Rg6 31.Rg1 Rg3 32.Kh2 Rg6 33.d5 exd5 34.cxd5 1-0

[Event "POL-chT3"]
[Site "Jastrzebia Gora POL"]
[Date "2016.09.11"]
[Round "9.69"]
[White "Lewtak, Dominik"]
[Black "Gralka, Przemyslaw"]
[Result "1/2-1/2"]
[WhiteElo "2095"]
[BlackElo "2283"]
[EventDate "2016.09.02"]

1.d4 d5 2.c4 dxc4 3.e3 Nf6 4.Bxc4 e6 5.Nf3 c5 6.O-O a6 7.a4 Nc6 8.Nc3 cxd4
9.exd4 Nb4 10.Bg5 Be7 11.Qb3 Qa5 12.Rfe1 O-O 13.Re5 b5 14.Nxb5 Nc6 15.Na3 
Qc7 16.Bxf6 Bxf6 17.Re4 Bb7 18.Qc3 Na5 19.Re3 Rac8 20.Rc1 Rfd8 21.Rd3 Nxc4
22.Nxc4 Qf4 23.Rcd1 Bxf3 24.Rxf3 Rxd4 25.Rxd4 Qxd4 26.Qxd4 Bxd4 27.b3 Rb8 
28.Kf1 f6 29.Rd3 e5 30.Ke2 Kf7 31.f3 Ke6 32.Ne3 g6 33.Kd2 h5 34.Nc2 Bg1 
35.h3 f5 36.Rc3 Rb6 37.b4 e4 38.fxe4 fxe4 39.a5 Rd6+ 40.Ke2 Ke5 41.Ne3 Re6
42.Rc5+ Kd6 43.Nc4+ Kd7 44.Re5 Ke7 45.Rd5 Rf6 46.Re5+ Re6 47.Rxe6+ Kxe6 
48.Na3 Kd5 49.b5 Kc5 50.bxa6 Kb4 51.Nb1 Kxa5 52.Nd2 Kxa6 53.Nxe4 Kb5 54.
Kf3 Kc4 55.Kf4 Kd4 56.g3 1/2-1/2

[Event "POL-chT3"]
[Site "Jastrzebia Gora POL"]
[Date "2016.09.11"]
[Round "9.70"]
[White "Kulczyk, Pawel"]
[Black "Wozniak, Maciej"]
[Result "1/2-1/2"]
[WhiteElo "2095"]
[BlackElo "2075"]
[EventDate "2016.09.02"]

1.d4 Nf6 2.c4 g6 3.Nc3 d5 4.Nf3 Bg7 5.Bf4 O-O 6.cxd5 Nxd5 7.Nxd5 Qxd5 8.
Bxc7 Nc6 9.e3 Bf5 10.Be2 Rfc8 11.Bg3 Nb4 12.O-O Bc2 13.Qd2 Nxa2 14.Ne5 Qb3
15.Bc4 Rxc4 16.Nxc4 Qxc4 17.Rxa2 Qxa2 18.Qxc2 Bf6 19.h3 a5 20.Bf4 h5 21.
Rc1 a4 22.Qc3 Qd5 23.Qc4 Qxc4 24.Rxc4 b5 25.Rb4 Ra5 26.e4 e5 27.dxe5 Be7 
28.Rd4 b4 29.Bd2 Rb5 30.Kf1 a3 31.bxa3 b3 32.Bb4 Bxb4 33.axb4 b2 34.Rd1 
Rxb4 35.Rb1 Rxe4 36.Rxb2 Rxe5 37.f3 Kg7 38.Kf2 Kf6 39.Kg3 Ra5 40.Rb6+ Kf5 
41.Rb4 g5 42.h4 f6 43.Rc4 Rb5 44.Ra4 Rc5 45.hxg5 Kxg5 46.Ra8 Rc4 47.Rg8+ 
Kf5 48.Ra8 Kg5 49.Ra5+ f5 50.Ra8 h4+ 51.Kh3 Rc1 52.Kh2 Rb1 53.Rg8+ Kf4 54.
Ra8 Rc1 55.Ra4+ Kg5 56.Ra2 Kf4 57.Ra4+ Kg5 58.Ra2 1/2-1/2

[Event "POL-chT3"]
[Site "Jastrzebia Gora POL"]
[Date "2016.09.11"]
[Round "9.72"]
[White "Mackiewicz, Anna"]
[Black "Krzyzanowska-zadlo, Lidia"]
[Result "1/2-1/2"]
[WhiteElo "1943"]
[BlackElo "1848"]
[EventDate "2016.09.02"]

1.d4 Nf6 2.c4 c5 3.d5 b5 4.cxb5 a6 5.bxa6 Bxa6 6.Nc3 g6 7.g3 d6 8.Bg2 Bg7 
9.Nf3 O-O 10.O-O Nbd7 11.Qc2 Qb6 12.Nh4 Rfb8 13.Rb1 Qa7 14.Rd1 Ng4 15.h3 
Nge5 16.b3 Nb6 17.Be3 Bc8 18.a4 Ba6 19.a5 Nc8 20.f4 Nd7 21.Bf3 Qc7 22.f5 
Ne5 23.Be4 Qxa5 24.Bd2 Qb4 25.Na4 Qb5 26.Nc3 Qb4 27.Na4 Qb5 28.Nc3 Qb4 
1/2-1/2

[Event "POL-chT3"]
[Site "Jastrzebia Gora POL"]
[Date "2016.09.11"]
[Round "9.73"]
[White "Banasik, Krzysztof"]
[Black "Murdzia, Piotr"]
[Result "0-1"]
[WhiteElo "2253"]
[BlackElo "2416"]
[EventDate "2016.09.02"]

1.e4 c5 2.Nf3 e6 3.d4 cxd4 4.Nxd4 Nc6 5.Nc3 a6 6.Nxc6 bxc6 7.Bd3 d5 8.O-O 
Nf6 9.Qe2 Be7 10.b3 O-O 11.Bb2 Re8 12.e5 Nd7 13.Na4 Nb6 14.Nxb6 Qxb6 15.
Kh1 a5 16.f4 Ba6 17.f5 exf5 18.Rxf5 Bxd3 19.Qxd3 Bf8 20.Raf1 Ra7 21.Qf3 
Qb7 22.Qg3 Qc8 23.Qf2 Qd7 24.Bd4 Rb7 25.Bc5 g6 26.Rf6 Bg7 27.Qd2 Rxe5 28.
R6f3 Qc7 29.Bd4 Re4 30.Bxg7 Kxg7 31.Rf6 d4 32.h3 Qe5 33.Qf2 Qd5 34.Qg3 
Rbe7 35.R1f5 Qd7 36.Rf3 Re1+ 37.Kh2 R7e6 38.R6f5 R1e3 39.Rxe3 dxe3 40.Re5 
e2 0-1

[Event "POL-chT3"]
[Site "Jastrzebia Gora POL"]
[Date "2016.09.11"]
[Round "9.74"]
[White "Lisowski, Krzysztof"]
[Black "Tustanowski, Robert"]
[Result "1/2-1/2"]
[WhiteElo "2106"]
[BlackElo "2211"]
[EventDate "2016.09.02"]

1.e4 d6 2.d4 Nf6 3.Nc3 e5 4.Nge2 Nbd7 5.g3 c6 6.a4 b6 7.Bg2 a6 8.h3 h5 9.
O-O Bb7 10.Be3 b5 11.d5 cxd5 12.Nxd5 Nxd5 13.exd5 bxa4 14.Rxa4 Be7 15.Nc3 
g6 16.Qd2 f5 17.h4 O-O 18.Bg5 Bxg5 19.hxg5 Qb6 20.Rfa1 Rfc8 21.R4a2 e4 22.
Ne2 Ne5 23.Nf4 Kf7 24.b3 Rh8 25.Qa5 Qxa5 26.Rxa5 h4 27.R1a4 hxg3 28.fxg3 
Rhb8 29.Rb4 Bc8 30.Rxb8 Rxb8 31.Kf2 Rb4 32.Ke2 Bb7 33.Ra3 Bc8 34.c3 Rb8 
35.Ke3 Bb7 36.Kd4 Re8 37.Ke3 Ng4+ 38.Kd4 Ne5 39.Ke3 Ng4+ 40.Kd4 Ne5 
1/2-1/2

[Event "POL-chT3"]
[Site "Jastrzebia Gora POL"]
[Date "2016.09.11"]
[Round "9.75"]
[White "Siekaniec, Jan"]
[Black "Migala, Andrzej"]
[Result "1-0"]
[WhiteElo "2076"]
[BlackElo "2014"]
[EventDate "2016.09.02"]

1.e4 c5 2.Nf3 d6 3.d4 cxd4 4.Nxd4 Nf6 5.Nc3 a6 6.Be2 e5 7.Nb3 Be7 8.O-O 
O-O 9.f4 b5 10.Bf3 Bb7 11.Kh1 Nbd7 12.a4 b4 13.Nd5 Nxd5 14.exd5 Qc7 15.Re1
Bf6 16.f5 Rac8 17.Be4 Qd8 18.Bd2 a5 19.Qe2 Nc5 20.Nxc5 Rxc5 21.Be3 Qc8 22.
Bxc5 Qxc5 23.Qb5 Qc7 24.c3 bxc3 25.Rac1 Bg5 26.Rxc3 Qe7 27.Rf1 g6 28.Rcf3 
1-0

[Event "POL-chT3"]
[Site "Jastrzebia Gora POL"]
[Date "2016.09.11"]
[Round "9.76"]
[White "Daniluk, Jerzy"]
[Black "Wrobel, Maciej"]
[Result "1-0"]
[WhiteElo "2100"]
[BlackElo "2046"]
[EventDate "2016.09.02"]

1.Nf3 Nf6 2.b3 g6 3.Bb2 Bg7 4.g3 O-O 5.Bg2 d5 6.c4 c6 7.O-O Nbd7 8.Qc2 Re8
9.Ne5 Nxe5 10.Bxe5 Bf5 11.d3 Qd7 12.Nd2 Bh3 13.Nf3 Bxg2 14.Kxg2 Rad8 15.
Rac1 Bh6 16.Rcd1 Qf5 17.h3 Nd7 18.e4 Qe6 19.exd5 cxd5 20.Bb2 Bg7 21.Rfe1 
Qd6 22.Bxg7 Kxg7 23.Rd2 d4 24.Rde2 e5 25.Nd2 f5 26.Kh2 Nf6 27.c5 Qc6 28.
Rxe5 f4 29.Qc4 fxg3+ 30.fxg3 Rf8 31.R1e2 Rf7 32.Re7 Rf8 33.Qxd4 Kg8 34.
Rxf7 Rxf7 35.Qe5 b6 36.d4 bxc5 37.dxc5 h5 38.b4 a6 39.a3 Qb7 40.Qe6 Kg7 
41.Kg1 Qb5 42.Qe5 a5 43.Rf2 Qc6 44.Nc4 axb4 45.Nd6 bxa3 46.Nxf7 Kxf7 47.
Qc3 Qe6 48.c6 a2 49.c7 Qc6 50.Qb3+ Kg7 51.Rxa2 Qxc7 52.Qe3 Kg8 53.Ra7 Qd6 
54.Kh2 Qc6 55.Qb3+ Kh8 56.Qb8+ Ng8 57.Qe5+ Nf6 58.Ra2 Kh7 59.Rf2 Ne4 60.
Rf7+ Kh6 61.Qh8+ Kg5 62.h4+ 1-0

[Event "POL-chT3"]
[Site "Jastrzebia Gora POL"]
[Date "2016.09.11"]
[Round "9.77"]
[White "Tustanowski, Mateusz"]
[Black "Kupryjaniuk, Tomasz"]
[Result "1-0"]
[WhiteElo "1921"]
[BlackElo "1819"]
[EventDate "2016.09.02"]

1.e4 Nc6 2.Nf3 e6 3.d4 d5 4.e5 f6 5.Bd3 Bd7 6.c3 Qe7 7.b4 Qf7 8.a4 Nge7 9.
a5 a6 10.exf6 gxf6 11.Bf4 Ng6 12.Bxc7 e5 13.Bxg6 hxg6 14.dxe5 Bg4 15.Bb6 
fxe5 16.Ng5 Qf5 17.f3 Qxg5 18.fxg4 d4 19.O-O Bd6 20.Qe2 Qe7 21.Nd2 Bc7 22.
Bc5 Bd6 23.Bxd6 Qxd6 24.Ne4 Qe7 25.Nf6+ Kd8 26.Qc4 Rc8 27.h3 Na7 28.Qd5+ 
Kc7 29.cxd4 Rhd8 30.Qxe5+ Qd6 31.Ne8+ Rxe8 32.Rf7+ 1-0

[Event "POL-chT3"]
[Site "Jastrzebia Gora POL"]
[Date "2016.09.11"]
[Round "9.78"]
[White "Kindler, Karolina"]
[Black "Buksa, Ewelina"]
[Result "1/2-1/2"]
[WhiteElo "1717"]
[BlackElo "1684"]
[EventDate "2016.09.02"]

1.Nf3 d5 2.b3 Nf6 3.Bb2 Bf5 4.e3 h6 5.d3 e6 6.Be2 Bd6 7.O-O O-O 8.Nbd2 
Nbd7 9.a3 Rc8 10.c4 c6 11.Qc2 e5 12.Rac1 Re8 13.b4 Bb8 14.Qb1 Qb6 15.Bc3 
Be6 16.Qb2 Bf5 17.Rfe1 Bg6 18.Nf1 Qd8 19.Ng3 Nh7 20.Qa1 Qe7 21.a4 a6 22.
Qb2 Bd6 23.Ra1 Ra8 24.a5 Rec8 25.Rec1 Nhf8 26.Qb3 dxc4 27.dxc4 Ne6 28.c5 
Bc7 29.Bc4 Re8 30.Rd1 Rad8 31.Rd2 e4 32.Nd4 Nxd4 33.Bxd4 Ne5 34.Be2 Kh8 
35.Qc3 f6 36.Rad1 Kh7 37.Qc2 Nf7 38.Bh5 Bxh5 39.Nxh5 Rd5 40.Ng3 Kg8 41.Qc3
1/2-1/2

[Event "POL-chT3"]
[Site "Jastrzebia Gora POL"]
[Date "2016.09.11"]
[Round "9.79"]
[White "Cajbel, Maciej"]
[Black "Tomaszewski, Kacper"]
[Result "0-1"]
[WhiteElo "2198"]
[BlackElo "2185"]
[EventDate "2016.09.02"]

1.g3 Nf6 2.Bg2 d5 3.Nf3 g6 4.O-O Bg7 5.d3 O-O 6.Nbd2 Nc6 7.e4 dxe4 8.dxe4 
a5 9.a4 e5 10.h3 b6 11.Re1 Ba6 12.b3 Re8 13.Bb2 Nd7 14.Bf1 Bxf1 15.Nxf1 
Nc5 16.Ne3 Nxe4 17.Qxd8 Raxd8 18.Rad1 Nd4 19.Nxd4 exd4 20.Nc4 f5 21.Kg2 
Kf7 22.f3 Nc5 23.Ba3 Rxe1 24.Rxe1 Ne6 25.Rd1 Bf6 26.Kf2 h5 27.Bc1 Rd5 28.
g4 Nc5 29.gxh5 gxh5 30.Ba3 Ne6 31.Bc1 Rd8 32.f4 Nc5 33.Kf3 d3 34.Ne5+ Bxe5
35.fxe5 Rd7 36.Ba3 dxc2 37.Rxd7+ Nxd7 38.Ke2 Ke6 39.Kd2 Kxe5 40.Kxc2 Kf4 
41.b4 axb4 42.Bxb4 Kg3 43.Kd2 f4 44.a5 bxa5 45.Bxa5 Kg2 0-1

[Event "POL-chT3"]
[Site "Jastrzebia Gora POL"]
[Date "2016.09.11"]
[Round "9.80"]
[White "Smolka, Marcin"]
[Black "Zareba, Radoslaw"]
[Result "0-1"]
[WhiteElo "2184"]
[BlackElo "2093"]
[EventDate "2016.09.02"]

1.e4 d6 2.d4 g6 3.Nc3 Bg7 4.Nf3 Nf6 5.Be2 O-O 6.O-O c6 7.a4 Bg4 8.Be3 Nbd7
9.a5 b5 10.b4 a6 11.h3 Bxf3 12.Bxf3 e5 13.dxe5 Nxe5 14.Be2 Re8 15.Rb1 Qe7 
16.Re1 Rad8 17.Bb6 Rd7 18.f4 Nc4 19.Bxc4 bxc4 20.Qf3 Nh5 21.Na4 Qh4 22.g4 
Nxf4 23.Qxf4 Qxh3 24.Re3 Qh4 25.Qg3 Qg5 26.Rd1 Be5 27.Qg2 c5 28.Ree1 cxb4 
29.Be3 Bf4 30.Bxf4 Qxf4 31.Nb6 Rdd8 32.Nxc4 d5 33.Ne3 Rxe4 34.Rd3 Qe5 35.
Qf2 Re8 36.Red1 Rxe3 37.Rxd5 Re1+ 38.Rxe1 Qxe1+ 39.Qxe1 Rxe1+ 40.Kf2 Rc1 
41.Rd2 Ra1 42.Rd4 Ra2 43.Rxb4 Rxc2+ 44.Kf3 Ra2 0-1

[Event "POL-chT3"]
[Site "Jastrzebia Gora POL"]
[Date "2016.09.11"]
[Round "9.81"]
[White "Czachor, Grzegorz"]
[Black "Wolynski, Krzysztof"]
[Result "1-0"]
[WhiteElo "2078"]
[BlackElo "2065"]
[EventDate "2016.09.02"]

1.Nf3 d5 2.g3 c6 3.Bg2 Bf5 4.d4 e6 5.O-O Bd6 6.c4 Nf6 7.Nc3 O-O 8.Qb3 Qb6 
9.c5 Qxb3 10.axb3 Bc7 11.b4 Ne4 12.Nd2 Nxc3 13.bxc3 Nd7 14.c4 a6 15.e4 
dxe4 16.Nxe4 Rad8 17.Bg5 f6 18.Be3 Bxe4 19.Bxe4 f5 20.Bg2 Nf6 21.b5 axb5 
22.cxb5 cxb5 23.Ra7 Rb8 24.Rb1 Rf7 25.Rxb5 Rd7 26.Rbxb7 Rxb7 27.Rxb7 Kf8 
28.c6 Rf7 29.Kf1 Ke8 30.Ke2 Kd8 31.Kd3 h6 32.Ra7 g5 33.Kc4 Ne8 34.d5 Nd6+ 
35.Kd3 e5 36.Bc5 e4+ 37.Ke2 Rf6 38.Bd4 Rf7 39.Bc5 Rf6 40.Ra8+ Ke7 41.Rh8 
Rg6 42.g4 fxg4 43.Bxe4 Rf6 44.Bd3 Ba5 1-0

[Event "POL-chT3"]
[Site "Jastrzebia Gora POL"]
[Date "2016.09.11"]
[Round "9.82"]
[White "Klementowski, Dawid"]
[Black "Klukiewicz, Piotr"]
[Result "1-0"]
[WhiteElo "1928"]
[BlackElo "2011"]
[EventDate "2016.09.02"]

1.c4 g6 2.g3 Bg7 3.Bg2 c6 4.Nc3 Nf6 5.e4 d6 6.Nge2 e5 7.d3 Be6 8.O-O h5 9.
Bg5 Qc8 10.h4 Bh3 11.d4 Bxg2 12.Kxg2 O-O 13.f4 Ng4 14.f5 Nd7 15.d5 Bf6 16.
Rf3 Bxg5 17.hxg5 Nb6 18.b3 c5 19.Qd2 a6 20.Nd1 Kg7 21.Ne3 Nxe3+ 22.Qxe3 f6
23.Raf1 Qd7 24.fxg6 Kxg6 25.Rf5 Qh7 26.Rxf6+ Kg7 27.g6 Qh8 28.Qg5 Nd7 29.
Rf7+ 1-0

[Event "POL-chT3"]
[Site "Jastrzebia Gora POL"]
[Date "2016.09.11"]
[Round "9.83"]
[White "Krupa, Jerzy"]
[Black "Cieslak, Patrycjusz"]
[Result "1/2-1/2"]
[WhiteElo "1817"]
[BlackElo "1919"]
[EventDate "2016.09.02"]

1.e4 e5 2.Nf3 Nc6 3.d4 exd4 4.Nxd4 Bc5 5.Be3 Qf6 6.c3 Nge7 7.Be2 O-O 8.O-O
d5 9.Nxc6 Qxc6 10.exd5 Nxd5 11.Bd4 Nf4 12.Bf3 Qb6 13.Qd2 Bxd4 14.cxd4 Qf6 
15.Nc3 Nh3+ 16.Kh1 Ng5 17.Nd5 Qd8 18.Qf4 Ne6 19.Qg3 c6 20.Ne3 Qxd4 21.Rad1
Qf4 22.Rd6 Qxg3 23.hxg3 Ng5 24.Be2 Be6 25.Kh2 Rad8 26.Rdd1 Rfe8 27.b3 Ne4 
28.Bf3 Nd2 29.Rfe1 Nxf3+ 30.gxf3 Kf8 31.f4 g6 32.g4 f6 33.Kg3 c5 34.g5 Kg7
35.Rh1 fxg5 36.fxg5 Rd4 37.Rh4 Red8 38.Rhxd4 Rxd4 39.Rxd4 cxd4 40.Nf1 Bf5 
41.Kf4 h5 42.gxh6+ Kxh6 43.a3 Kh5 44.b4 Kh4 45.Nd2 d3 46.a4 Kh3 47.a5 Kg2 
48.Ke3 a6 1/2-1/2

[Event "POL-chT3"]
[Site "Jastrzebia Gora POL"]
[Date "2016.09.11"]
[Round "9.84"]
[White "Dziodzio, Angelika"]
[Black "Zdziarska-zareba, Lidia"]
[Result "1-0"]
[WhiteElo "2064"]
[BlackElo "1884"]
[EventDate "2016.09.02"]

1.e4 c5 2.Nf3 Nc6 3.Bb5 e6 4.O-O a6 5.Bxc6 bxc6 6.d4 d5 7.dxc5 Bxc5 8.exd5
cxd5 9.c4 Ne7 10.b4 Ba7 11.c5 Bd7 12.Bb2 O-O 13.Nbd2 Rb8 14.Bc3 f6 15.Qe2 
Qc8 16.Rfe1 Nc6 17.a3 Re8 18.Qd3 Qb7 19.Rab1 Ne7 20.Nb3 e5 21.Na5 Qb5 22.
Qxb5 Bxb5 23.Nd2 Ba4 24.Rbc1 Nc6 25.Nxc6 Bxc6 26.Nb3 Rbc8 27.f3 Red8 28.
Kf2 Ba4 29.Na5 d4 30.Bd2 Bb8 31.g3 Re8 32.Nc4 Bc7 33.g4 g6 34.h4 f5 35.
gxf5 gxf5 36.Rg1+ Kf7 37.Rg5 Kf6 38.Rh5 e4 39.Bg5+ Ke6 40.Rh6+ Kd5 41.Nb6+
Bxb6 42.Rd6+ Ke5 43.f4# 1-0

[Event "POL-chT3"]
[Site "Jastrzebia Gora POL"]
[Date "2016.09.11"]
[Round "9.85"]
[White "Gierulski, Kamil"]
[Black "Markiewicz, Jerzy"]
[Result "1-0"]
[WhiteElo "2196"]
[BlackElo "2237"]
[EventDate "2016.09.02"]

1.e4 c5 2.Nf3 d6 3.Bb5+ Bd7 4.Bxd7+ Qxd7 5.c4 e5 6.Nc3 g6 7.Rb1 Nc6 8.a3 
Bg7 9.b4 Nge7 10.O-O O-O 11.d3 b6 12.Ne1 f5 13.Nc2 f4 14.f3 g5 15.g4 fxg3 
16.hxg3 Qh3 17.Ne2 g4 18.fxg4 Ng6 19.Ne3 Nf4 20.gxf4 exf4 21.Nxf4 Qg3+ 22.
Neg2 Bd4+ 23.Kh1 Rf6 24.Qf3 Qxf3 25.Rxf3 Ne5 26.g5 Rf7 27.Rg3 Raf8 28.Bd2 
Ng6 29.Rf1 Be5 30.Rgf3 cxb4 31.axb4 a5 32.bxa5 bxa5 33.Be3 a4 34.d4 Bxf4 
35.Bxf4 a3 36.Kh2 a2 37.Kg3 Ra8 38.Ra1 Rb7 39.Rf2 Rb3+ 40.Kg4 1-0

[Event "POL-chT3"]
[Site "Jastrzebia Gora POL"]
[Date "2016.09.11"]
[Round "9.86"]
[White "Zaskalski, Arkadiusz"]
[Black "Miasik, Adrian"]
[Result "1/2-1/2"]
[WhiteElo "2142"]
[BlackElo "1933"]
[EventDate "2016.09.02"]

1.c4 e5 2.Nc3 Nf6 3.g3 Bb4 4.Bg2 O-O 5.e4 Nc6 6.Nge2 Bc5 7.O-O d6 8.d3 Bg4
9.h3 Bh5 10.Kh2 Nd4 11.f3 c6 12.Nxd4 Bxd4 13.Ne2 Bb6 14.g4 Bg6 15.h4 h6 
16.Ng3 d5 17.Qe2 dxc4 18.dxc4 Nd7 19.g5 hxg5 20.Bxg5 f6 21.Bd2 Bd4 22.Bh3 
Qe8 23.Qg2 Rd8 24.Rad1 Nc5 25.b4 Ne6 26.h5 Bh7 27.h6 g6 28.Ne2 Kh8 29.Bc1 
b6 30.Qg4 f5 31.exf5 gxf5 32.Qh4 c5 33.bxc5 bxc5 34.f4 e4 35.Nxd4 cxd4 36.
Bb2 Qf7 37.c5 Qf6 38.Qf2 Bg6 39.c6 Rf7 40.Rg1 Kh7 41.Rg3 Rc7 42.Rdg1 Rg8 
43.Rd1 e3 44.Qxe3 Rxc6 45.Bxd4 Nxd4 46.Rxd4 Rc2+ 47.Rd2 Rxd2+ 48.Qxd2 Rd8 
49.Qf2 Rd7 50.Re3 Re7 1/2-1/2

[Event "POL-chT3"]
[Site "Jastrzebia Gora POL"]
[Date "2016.09.11"]
[Round "9.87"]
[White "Ziemniak, Piotr"]
[Black "Augustyn, Sebastian"]
[Result "0-1"]
[WhiteElo "1783"]
[BlackElo "2116"]
[EventDate "2016.09.02"]

1.e4 g6 2.Nc3 Bg7 3.d4 c5 4.Nf3 cxd4 5.Nxd4 Nc6 6.Be3 Nf6 7.Nxc6 bxc6 8.e5
Ng8 9.f4 f6 10.e6 d5 11.f5 Qd6 12.g4 Qe5 13.Qd4 gxf5 14.Qxe5 fxe5 15.gxf5 
Bh6 16.Bxh6 Nxh6 17.Bh3 O-O 18.Rf1 Ba6 19.Rg1+ Kh8 20.Rg5 Rf6 21.Na4 Rg8 
22.Rxg8+ Nxg8 23.Nc5 Rh6 24.Nxa6 Rxh3 25.O-O-O Rxh2 26.Nb8 Rf2 27.Nxc6 
Rxf5 28.Rxd5 h5 29.Rd8 Kh7 30.Rd7 h4 31.Rd3 Rh5 32.Rh3 Kg6 33.Kd2 Kf5 34.
Ke3 Kg4 35.Rh1 h3 36.Kf2 Rf5+ 37.Ke3 Kh4 38.Ke4 Rf2 39.Nxe5 Nf6+ 40.Ke3 
Rxc2 41.Nf3+ Kg3 42.Rb1 Ng4+ 43.Kd3 Rg2 44.Nd2 h2 45.Nf1+ Kf4 46.Nxh2 Rxh2
47.Kd4 Kf5 48.Kd5 Rd2+ 49.Kc6 Kxe6 50.a4 Ne5+ 51.Kb7 Rd7+ 52.Ka6 Nd3 53.b4
Kd5 54.Kb5 Rb7+ 55.Ka5 Rxb4 0-1

[Event "POL-chT3"]
[Site "Jastrzebia Gora POL"]
[Date "2016.09.11"]
[Round "9.88"]
[White "Markiewicz, Mateusz"]
[Black "Wozniak, Grzegorz"]
[Result "1-0"]
[WhiteElo "2044"]
[BlackElo "1695"]
[EventDate "2016.09.02"]

1.e4 e6 2.d4 d5 3.Nc3 Bb4 4.Qd3 dxe4 5.Qxe4 Nf6 6.Qh4 h6 7.Bd3 Nc6 8.Ne2 
e5 9.dxe5 Bxc3+ 10.Nxc3 Nxe5 11.Be2 O-O 12.O-O Ng6 13.Qg3 Bf5 14.h4 Qd6 
15.h5 Qxg3 16.fxg3 Ne7 17.Bf4 Nfd5 18.Nxd5 Nxd5 19.Bxh6 Bxc2 20.Bg5 f6 21.
Bc4 c6 22.Rac1 Bh7 23.Bd2 Rad8 24.h6 Kh8 25.Bb3 Bg8 26.hxg7+ Kxg7 27.Rc4 
Be6 28.Rh4 Rh8 29.Re4 Rhe8 30.g4 Bc8 31.Rd4 Re5 32.Bc3 Rde8 33.Bxd5 Rxd5 
34.Rxd5 cxd5 35.Rxf6 Kg8 36.g5 Re6 37.Rf3 Re4 38.Bf6 Kh7 39.Bd8 Re8 40.Bf6
Re4 41.Rb3 Kg6 42.Rb5 d4 43.Rd5 b6 44.Rd6 Kh5 45.Kf2 Be6 46.Kf3 Re3+ 47.
Kf4 1-0

[Event "POL-chT3"]
[Site "Jastrzebia Gora POL"]
[Date "2016.09.11"]
[Round "9.89"]
[White "Wasik, Roman"]
[Black "Tatarczany, Piotr"]
[Result "0-1"]
[WhiteElo "1474"]
[BlackElo "1528"]
[EventDate "2016.09.02"]

1.Nf3 Nf6 2.c4 e6 3.d4 d5 4.Bf4 Be7 5.Nc3 c6 6.Qc2 O-O 7.e3 Nbd7 8.Bd3 a6 
9.cxd5 exd5 10.g4 Ne8 11.h4 Bd6 12.g5 Bxf4 13.exf4 Qe7+ 14.Ne5 Nxe5 15.
fxe5 h5 16.O-O-O g6 17.Bxg6 fxg6 18.Qxg6+ Ng7 19.Qh6 Bf5 20.g6 Bxg6 21.
Qxg6 Rxf2 22.Rhg1 Qf7 23.Qxf7+ Kxf7 24.Rg5 Rf5 25.Rdg1 Rxg5 26.Rxg5 Rh8 
27.Ne2 Ne6 28.Rf5+ Ke7 29.Kd2 Ng7 30.Rg5 Ne6 31.Rg6 b6 32.Kc3 a5 33.a4 Rf8
34.Rg3 Rf2 35.Re3 Nf4 36.Ng3 Ng2 37.Nh1 Nxe3 38.Nxf2 Ng2 39.b4 axb4+ 40.
Kxb4 Nxh4 41.Kc3 Nf5 42.Nd3 h4 43.Nf4 Kd7 44.Nh3 Kc7 45.Ng5 Kd7 46.Kd3 Ke7
47.Nf3 h3 48.Kc3 Ne3 49.Nh2 Ke6 50.Kb4 Nf5 51.Kc3 Ne3 52.Nf3 Kd7 53.Nh2 
Nc4 54.Kb4 Ke6 55.Nf3 Kf5 56.Nh2 Kf4 57.e6 Kf5 58.e7 Nd6 59.Nf3 Kf6 60.a5 
bxa5+ 61.Kxa5 Kxe7 62.Kb6 Nf5 63.Kxc6 Nxd4+ 64.Nxd4 h2 65.Nf5+ Kf6 66.Ng3 
d4 67.Kd5 d3 68.Kd4 d2 69.Ne4+ Kg6 70.Nxd2 h1=Q 0-1

[Event "POL-chT3"]
[Site "Jastrzebia Gora POL"]
[Date "2016.09.11"]
[Round "9.90"]
[White "Jalowiec, Halina"]
[Black "Wasik, Justyna"]
[Result "1-0"]
[WhiteElo "1932"]
[BlackElo "1385"]
[EventDate "2016.09.02"]

1.d4 d6 2.Nf3 g6 3.Bf4 Bg7 4.e4 Nf6 5.Bd3 Nc6 6.Nbd2 O-O 7.c3 Nh5 8.Bg5 f6
9.Be3 e5 10.h3 Qe7 11.Qb3+ Kh8 12.O-O-O a5 13.dxe5 dxe5 14.Qb5 a4 15.Bc5 
Qf7 16.Bc4 Be6 17.Bxf8 Bxf8 18.Bxe6 Qxe6 19.Qc4 Qe8 20.Nb1 Ra5 21.Rd5 Qe6 
22.Rc5 Qxc4 23.Rxc4 Ra6 24.Na3 Nf4 25.Nb5 Ne6 26.Rd1 Ra5 27.Na3 Na7 28.Rd5
c5 29.Nd2 b5 30.Nxb5 Nxb5 31.b4 Ra8 32.bxc5 Nf4 33.Rd7 Na3 34.Rb4 Bxc5 35.
Rbb7 Ne2+ 36.Kb2 Bf8 37.Rxh7+ Kg8 38.Rhd7 Rc8 39.Rd3 Bh6 40.Kxa3 Rxc3+ 41.
Rxc3 Nxc3 42.Rd7 Bf8+ 43.Kb2 Nd1+ 44.Kc2 Nxf2 45.Ra7 a3 46.Nc4 Nxe4 47.
Nxa3 Bc5 48.Ra8+ Kg7 49.Nc4 Nf2 50.Rc8 Bd4 51.Kd2 e4 52.Ke2 Nd3 53.Ne3 f5 
54.Nd5 f4 55.Rc4 Ba7 56.Rc7+ Kh6 57.Rxa7 1-0